[Event "Groningen op-A 53rd"]
[Site "Groningen"]
[Date "2015.12.28"]
[Round "7"]
[White "Yaaqoub, Rashid"]
[Black "Elgersma, Simon"]
[Result "0-1"]
[WhiteElo "2175"]
[BlackElo "2017"]
[PlyCount "89"]
[EventDate "2015.12.21"]
[EventType "swiss"]
[EventRounds "9"]
[EventCountry "NED"]
[SourceTitle "CBM 170 Extra"]
[Source "ChessBase"]
[SourceDate "2016.02.25"]
[SourceVersion "1"]
[SourceVersionDate "2016.02.25"]
[SourceQuality "1"]

1. e4 e6 2. d4 d5 3. Nd2 c5 4. Ngf3 cxd4 5. Nxd4 Nc6 6. Nxc6 bxc6 7. Bd3 Bd6 8. 0-0 Ne7 9. c3 Ng6 10. Nf3 Qc7 11. Re1 Bb7 12. h3 0-0 13. exd5 cxd5 14. Ng5 Be7 15. Qg4 e5 16. Qh5 Bxg5 17. Bxg6 hxg6 18. Qxg5 Rfe8 19. Be3 Ba6 20. Rad1 Rad8 21. Qg3 Qe7 22. Bd4 f6 23. Qxg6 Qb7 24. Rd2 Bb5 25. Bc5 Qc7 26. Ba3 d4 27. Rc2 Ba4 28. Rd2 dxc3 29. Rxd8 Rxd8 30. bxc3 Qxc3 31. Re3 Qc7 32. Rg3 Qf7 33. Qg4 Bd7 34. Qd1 Rc8 35. Kh2 Be6 36. Bc1 Kh8 37. a4 Rc4 38. Be3 Rc7 39. a5 Rd7 40. Qa4 Qh5 41. Qb4 Qf7 42. Qe4 Rd5 43. Qh4+ Kg8 44. Qb4 Qc7 45. Qb5 0-1

[Event "Olympiad-41"]
[Site "Tromsoe"]
[Date "2014.08.06"]
[Round "5.2"]
[White "Yaaqoub, Rashid"]
[Black "Seeman, Tarvo"]
[Result "0-1"]
[WhiteElo "2164"]
[BlackElo "2392"]
[PlyCount "104"]
[EventDate "2014.08.02"]
[EventType "team-swiss"]
[EventRounds "11"]
[EventCountry "NOR"]
[SourceTitle "CBM 162"]
[Source "ChessBase"]
[SourceDate "2014.09.17"]
[SourceVersion "1"]
[SourceVersionDate "2014.09.17"]
[SourceQuality "1"]
[WhiteTeam "Sudan"]
[BlackTeam "Estonia"]
[WhiteTeamCountry "SUD"]
[BlackTeamCountry "EST"]

1. e4 c5 2. Nf3 g6 3. c3 d5 4. exd5 Qxd5 5. d4 Bg7 6. Na3 Nf6 7. Bc4 Qe4+ 8. Be3 0-0 9. dxc5 Ng4 10. Qc2 Qxc2 11. Nxc2 Nd7 12. 0-0 Nxe3 13. Nxe3 Nxc5 14. Rad1 e6 15. Ng4 b6 16. Nge5 Bb7 17. Rfe1 Rfd8 18. Nd4 Rac8 19. Bb5 Bxe5 20. Rxe5 f6 21. Ree1 e5 22. Bc4+ Kf8 23. Ne6+ Nxe6 24. Bxe6 Rxd1 25. Rxd1 Rc7 26. Kf1 Ke7 27. Bb3 Rd7 28. Rxd7+ Kxd7 29. g3 Bf3 30. Bc2 f5 31. Ke1 Ke6 32. Kd2 g5 33. a3 e4 34. c4 Ke5 35. Kc3 f4 36. b4 Be2 37. a4 Bh5 38. a5 bxa5 39. b5 Be2 40. Ba4 Bf1 41. gxf4+ gxf4 42. c5 e3 43. fxe3 fxe3 44. b6 axb6 45. cxb6 Kd6 46. h4 Ba6 47. Kc2 Kc5 48. b7 Bxb7 49. Kd3 Kb4 50. Bd7 a4 51. Kxe3 a3 52. Be6 Kc3 0-1

[Event "Olympiad-41"]
[Site "Tromsoe"]
[Date "2014.08.02"]
[Round "1.2"]
[White "Perunovic, Milos"]
[Black "Yaaqoub, Rashid"]
[Result "1-0"]
[WhiteElo "2602"]
[BlackElo "2164"]
[PlyCount "103"]
[EventDate "2014.08.02"]
[EventType "team-swiss"]
[EventRounds "11"]
[EventCountry "NOR"]
[SourceTitle "CBM 162"]
[Source "ChessBase"]
[SourceDate "2014.09.17"]
[SourceVersion "1"]
[SourceVersionDate "2014.09.17"]
[SourceQuality "1"]
[WhiteTeam "Serbia"]
[BlackTeam "Sudan"]
[WhiteTeamCountry "SRB"]
[BlackTeamCountry "SUD"]

1. e4 e5 2. Nf3 Nc6 3. Nc3 Nf6 4. Bb5 Bc5 5. 0-0 0-0 6. Nxe5 Nxe5 7. d4 a6 8. Be2 Bxd4 9. Qxd4 Nc6 10. Qd3 d6 11. Bg5 h6 12. Bh4 Ne5 13. Qd4 c5 14. Qd1 b5 15. Nd5 g5 16. Nxf6+ Qxf6 17. Bg3 Rd8 18. f4 Ng6 19. fxg5 Qxg5 20. Kh1 Be6 21. a4 b4 22. Rf2 d5 23. exd5 Rxd5 24. Qf1 Rd2 25. Bf3 Rxf2 26. Bxf2 Rd8 27. Re1 c4 28. c3 bxc3 29. bxc3 Ne5 30. Be3 Qg6 31. Bb7 Rb8 32. Rb1 Bd5 33. Rb6 Bc6 34. Bxc6 Rxb6 35. Bxb6 Qxc6 36. Bd4 Nd3 37. h3 Qe6 38. Qf3 Kh7 39. a5 f5 40. Qb7+ Kg6 41. Qb6 Kf7 42. Kh2 f4 43. Qb7+ Kg6 44. Bb6 Ne1 45. Bf2 Nd3 46. Bd4 Ne1 47. Qb6 Kf5 48. Qc5+ Kg6 49. h4 Qe2 50. Qc6+ Kf5 51. Qd5+ Kg4 52. Qd7+ 1-0

[Event "Arab Clubs-chT"]
[Site "Marrakesh"]
[Date "2014.05.28"]
[Round "6"]
[White "Yaaqoub, Rashid"]
[Black "Elnasri, Mohammed"]
[Result "1-0"]
[WhiteElo "2173"]
[BlackElo "2058"]
[PlyCount "59"]
[EventDate "2014.05.24"]
[EventType "team-swiss"]
[EventRounds "9"]
[EventCountry "MAR"]
[SourceTitle "EXT 2018"]
[Source "ChessBase"]
[SourceDate "2017.10.13"]
[SourceVersion "1"]
[SourceVersionDate "2017.10.13"]
[SourceQuality "1"]
[WhiteTeam "Tutti"]
[BlackTeam "Hilal"]
[WhiteTeamCountry "SUD"]
[BlackTeamCountry "SUD"]

1. e4 c5 2. Nf3 a6 3. d4 cxd4 4. Nxd4 Nf6 5. Nc3 e5 6. Nf3 d6 7. Bc4 Be7 8. Bb3 0-0 9. h3 Qc7 10. g4 Be6 11. Be3 Rd8 12. g5 Nfd7 13. Nd5 Bxd5 14. Qxd5 Rf8 15. h4 Qc6 16. h5 Kh8 17. Nh4 Qxd5 18. Bxd5 Nc6 19. c3 Nc5 20. 0-0-0 Ne6 21. Rdg1 Nc7 22. Nf5 Rae8 23. g6 Nxd5 24. exd5 Nb8 25. h6 fxg6 26. hxg7+ Kg8 27. gxf8Q+ Bxf8 28. Ng3 Bg7 29. Ne4 Rd8 30. Ng5 1-0

[Event "Olympiad-40"]
[Site "Istanbul"]
[Date "2012.09.04"]
[Round "7.4"]
[White "Yaaqoub, Rashid"]
[Black "Tamra, Attallah"]
[Result "1/2-1/2"]
[WhiteElo "2196"]
[BlackElo "2084"]
[PlyCount "130"]
[EventDate "2012.08.28"]
[EventType "team-swiss"]
[EventRounds "11"]
[EventCountry "TUR"]
[SourceTitle "CBM 151"]
[Source "ChessBase"]
[SourceDate "2012.11.13"]
[SourceVersion "1"]
[SourceVersionDate "2012.11.13"]
[SourceQuality "1"]
[WhiteTeam "Sudan"]
[BlackTeam "Palestine"]
[WhiteTeamCountry "SUD"]
[BlackTeamCountry "PLE"]

1. e4 c5 2. Nf3 g6 3. c4 Nc6 4. d4 cxd4 5. Nxd4 Nf6 6. Nc3 d6 7. Be2 Nxd4 8. Qxd4 Bg7 9. Be3 0-0 10. Qd2 Be6 11. f3 Qa5 12. 0-0 Rfc8 13. Rfc1 Bxc4 14. Nd5 Qxd2 15. Nxe7+ Kf8 16. Bxd2 Kxe7 17. Bxc4 Nd7 18. Rab1 Bd4+ 19. Kf1 Nb6 20. b3 Nxc4 21. bxc4 b6 22. Ke2 Ke6 23. Rb5 Bc5 24. Rd1 f5 25. Bh6 Re8 26. exf5+ Kxf5+ 27. Kf1 Kf6 28. Bf4 Re6 29. Rb2 Rc8 30. Re2 Bb4 31. Rxe6+ Kxe6 32. Rd4 Kd7 33. Ke2 Re8+ 34. Re4 Rxe4+ 35. fxe4 Bc3 36. Kd3 Bf6 37. a4 Kc6 38. Be3 Be5 39. h3 a6 40. Bd4 Bg3 41. Ke3 Be5 42. Kd3 Bg3 43. Ke2 Be5 44. Ke3 Bg3 45. Kf3 Be1 46. Be3 b5 47. cxb5+ axb5 48. axb5+ Kxb5 49. Kg4 Kc4 50. Bf4 Kd4 51. Bxd6 Kxe4 52. Kg5 Bd2+ 53. Kf6 Bf4 54. Bc5 Be5+ 55. Ke6 h5 56. Be7 Bg3 57. Bg5 Be5 58. Bf6 Bf4 59. Bc3 Bc1 60. Kf6 g5 61. Kg6 h4 62. Bf6 Kf4 63. Kh5 Kf5 64. Bc3 Be3 65. Be1 Bc1 1/2-1/2

[Event "Olympiad-40"]
[Site "Istanbul"]
[Date "2012.09.03"]
[Round "6.4"]
[White "Azam, Zeno"]
[Black "Yaaqoub, Rashid"]
[Result "1/2-1/2"]
[WhiteElo "2187"]
[BlackElo "2196"]
[PlyCount "96"]
[EventDate "2012.08.28"]
[EventType "team-swiss"]
[EventRounds "11"]
[EventCountry "TUR"]
[SourceTitle "CBM 151"]
[Source "ChessBase"]
[SourceDate "2012.11.13"]
[SourceVersion "1"]
[SourceVersionDate "2012.11.13"]
[SourceQuality "1"]
[WhiteTeam "Syria"]
[BlackTeam "Sudan"]
[WhiteTeamCountry "SYR"]
[BlackTeamCountry "SUD"]

1. d4 d5 2. Nc3 Nf6 3. Bf4 c5 4. e3 a6 5. Nf3 cxd4 6. exd4 Nc6 7. h3 Bf5 8. Bd3 e6 9. Bxf5 exf5 10. Bg5 Be7 11. 0-0 0-0 12. Bxf6 Bxf6 13. Re1 Qd6 14. Qd3 g6 15. a3 Rfe8 16. Ne2 Re4 17. c3 Rae8 18. Ng3 R8e6 19. b4 Qe7 20. Qd2 Bg5 21. Qd1 Rxe1+ 22. Nxe1 Na7 23. Nd3 Nb5 24. Qb3 Bd2 25. Rd1 f4 26. Nf1 Bxc3 27. Nxf4 Re4 28. Nxd5 Qe6 29. Qc4 Rxd4 30. Rxd4 Bxd4 31. a4 Nc3 32. Nfe3 Bxe3 33. Qxc3 Bxf2+ 34. Kxf2 Qxd5 35. Qc8+ Kg7 36. Qc3+ f6 37. a5 h5 38. Qc7+ Kh6 39. Qe7 Kg5 40. Qe3+ Kf5 41. Qe7 Qd4+ 42. Kf1 Kf4 43. Qxb7 Qc4+ 44. Kg1 Ke5 45. Qe7+ Kf5 46. Qe1 Kg5 47. Qe3+ Kf5 48. Qe1 Kg5 1/2-1/2

[Event "Olympiad-40"]
[Site "Istanbul"]
[Date "2012.08.29"]
[Round "2.4"]
[White "Salman, Saleh"]
[Black "Yaaqoub, Rashid"]
[Result "1/2-1/2"]
[WhiteElo "2004"]
[BlackElo "2196"]
[PlyCount "92"]
[EventDate "2012.08.28"]
[EventType "team-swiss"]
[EventRounds "11"]
[EventCountry "TUR"]
[SourceTitle "CBM 151"]
[Source "ChessBase"]
[SourceDate "2012.11.13"]
[SourceVersion "1"]
[SourceVersionDate "2012.11.13"]
[SourceQuality "1"]
[WhiteTeam "Yemen"]
[BlackTeam "Sudan"]
[WhiteTeamCountry "YEM"]
[BlackTeamCountry "SUD"]

1. e4 e5 2. Nf3 Nc6 3. Bc4 Nf6 4. Nc3 Nxe4 5. Bxf7+ Kxf7 6. Nxe4 d5 7. Ng3 e4 8. Ng1 Bc5 9. d3 Qf6 10. Qh5+ Kf8 11. Nxe4 Bb4+ 12. Nd2 Bxd2+ 13. Bxd2 Qxb2 14. Rc1 Be6 15. Nf3 Bf7 16. Qg4 Re8+ 17. Kd1 Ne5 18. Qb4+ Qxb4 19. Bxb4+ Kg8 20. Nxe5 Rxe5 21. Re1 Rxe1+ 22. Kxe1 Be6 23. Kd2 Kf7 24. Re1 b6 25. Bc3 Re8 26. Be5 c5 27. c3 Bf5 28. h3 g5 29. a3 d4 30. cxd4 cxd4 31. Bxd4 Rxe1 32. Kxe1 Bxd3 33. g3 Bf5 34. Be3 Kg6 35. h4 gxh4 36. gxh4 Kh5 37. Bg5 b5 38. Kd2 Kg4 39. Be7 Kf4 40. Kc3 Ke5 41. Kb4 Bd3 42. Bc5 a6 43. Ka5 Kd5 44. Bb4 Ke4 45. Kxa6 Kf3 46. Ka5 Ke4 1/2-1/2

[Event "Arab Games"]
[Site "Doha"]
[Date "2011.12.19"]
[Round "6"]
[White "Abdulwahhab, Ahmed Abdulsattar"]
[Black "Yaaqoub, Rashid"]
[Result "1-0"]
[WhiteElo "2264"]
[BlackElo "2184"]
[PlyCount "93"]
[EventDate "2011.12.13"]
[EventType "team-swiss"]
[EventRounds "9"]
[EventCountry "QAT"]
[SourceTitle "CBM 145 Extra"]
[Source "ChessBase"]
[SourceDate "2012.01.03"]
[SourceVersion "1"]
[SourceVersionDate "2012.01.03"]
[SourceQuality "1"]
[WhiteTeam "Iraq"]
[BlackTeam "Sudan"]
[WhiteTeamCountry "IRQ"]
[BlackTeamCountry "SUD"]

1. e4 e5 2. Nf3 Nc6 3. d4 exd4 4. Bc4 Nf6 5. e5 Ng4 6. Qe2 Qe7 7. Bf4 f6 8. exf6 Nxf6 9. Nbd2 d5 10. Bb5 Qxe2+ 11. Kxe2 Bg4 12. Bxc7 Bb4 13. h3 Bxf3+ 14. Nxf3 0-0 15. Rhd1 Ne4 16. Kf1 Bc5 17. Bxc6 bxc6 18. Be5 d3 19. Rxd3 Nxf2 20. Rb3 Rae8 21. Bd6 Bxd6 22. Kxf2 Re7 23. Re1 Rxe1 24. Kxe1 Rb8 25. Rxb8+ Bxb8 26. Nd4 c5 27. Nc6 Bg3+ 28. Ke2 a6 29. Ne7+ Kf7 30. Nxd5 Ke6 31. c4 Be5 32. b3 Bd6 33. Ke3 Ke5 34. g4 g6 35. Nf4 Be7 36. Nd3+ Kd6 37. Ke4 Bd8 38. Ne5 Bf6 39. Nf3 Ke6 40. h4 Be7 41. Ng5+ Kd6 42. Nxh7 Bxh4 43. Nf8 g5 44. Kf5 Bf2 45. Ne6 Bd4 46. Nxd4 cxd4 47. Ke4 1-0

[Event "Arab Games"]
[Site "Doha"]
[Date "2011.12.13"]
[Round "1"]
[White "Yaaqoub, Rashid"]
[Black "Mansour, Sameer"]
[Result "1-0"]
[WhiteElo "2184"]
[BlackElo "2284"]
[PlyCount "118"]
[EventDate "2011.12.13"]
[EventType "team-swiss"]
[EventRounds "9"]
[EventCountry "QAT"]
[SourceTitle "CBM 145 Extra"]
[Source "ChessBase"]
[SourceDate "2012.01.03"]
[SourceVersion "1"]
[SourceVersionDate "2012.01.03"]
[SourceQuality "1"]
[WhiteTeam "Sudan"]
[BlackTeam "Jordan"]
[WhiteTeamCountry "SUD"]
[BlackTeamCountry "JOR"]

1. e4 c5 2. Nc3 a6 3. a4 Nc6 4. f4 g6 5. Nf3 Bg7 6. Bc4 e6 7. 0-0 Nge7 8. d3 d5 9. Bb3 Nd4 10. Nxd4 cxd4 11. Ne2 dxe4 12. dxe4 0-0 13. Qd3 Nc6 14. Bd2 b6 15. Rad1 Bb7 16. Be1 Qe7 17. Ng3 Qc5 18. Kh1 a5 19. Bc4 h5 20. b3 Rad8 21. Qf3 Na7 22. Bf2 h4 23. Ne2 h3 24. Qxh3 Bxe4 25. c3 Nc6 26. cxd4 Qb4 27. Bh4 Rd6 28. Be1 Qa3 29. Bc3 Rdd8 30. b4 Bd5 31. Ra1 Qxa1 32. Rxa1 Bxc4 33. b5 Nxd4 34. Nxd4 Bxd4 35. Bxd4 Rxd4 36. Qe3 Rfd8 37. h3 Bd5 38. Kh2 Be4 39. Rc1 Rxa4 40. Qxb6 Rd2 41. Rg1 Raa2 42. h4 Bxg2 43. Qb8+ Kh7 44. Qf8 Bd5+ 45. Kg3 e5 46. h5 Rg2+ 47. Rxg2 Rxg2+ 48. Kh3 exf4 49. Qd6 Rg3+ 50. Kh2 Rg2+ 51. Kh3 Rg5 52. hxg6+ Kg7 53. gxf7 Bxf7 54. b6 Rb5 55. Kg4 a4 56. Qc6 Rb3 57. Qxa4 f3 58. Qd4+ Kh6 59. Kf5 Bg6+ 1-0

[Event "Arab Games blitz"]
[Site "Doha"]
[Date "2011.12.10"]
[Round "1"]
[White "Arab, Adlane"]
[Black "Yaaqoub, Rashid"]
[Result "1-0"]
[WhiteElo "2403"]
[BlackElo "2184"]
[PlyCount "92"]
[EventDate "2011.12.10"]
[EventType "swiss (blitz)"]
[EventRounds "9"]
[EventCountry "QAT"]
[SourceTitle "CBM 145 Extra"]
[Source "ChessBase"]
[SourceDate "2012.01.03"]
[SourceVersion "1"]
[SourceVersionDate "2012.01.03"]
[SourceQuality "1"]

1. d4 Nf6 2. c4 g6 3. Nc3 Bg7 4. Nf3 0-0 5. Bf4 c6 6. h3 d5 7. e3 Nbd7 8. cxd5 Nxd5 9. Nxd5 cxd5 10. Qb3 Qa5+ 11. Qc3 Qxc3+ 12. bxc3 Nb6 13. Bd3 Bf5 14. Bxf5 gxf5 15. Ke2 Rfc8 16. Rhc1 e6 17. Nd2 Rc6 18. Rab1 Rac8 19. Rb3 Bf8 20. Kd3 f6 21. f3 Kf7 22. g4 fxg4 23. hxg4 Kg6 24. e4 Bg7 25. exd5 Nxd5 26. Bg3 b6 27. c4 Ne7 28. Ke2 Rd8 29. Rd3 f5 30. Nb3 a5 31. a4 h6 32. Bh4 Bf6 33. Bf2 Rg8 34. c5 bxc5 35. Nxa5 Nd5 36. Nxc6 Nf4+ 37. Kd2 Nxd3 38. Kxd3 cxd4 39. Bxd4 Bg5 40. Re1 Kf7 41. a5 Rc8 42. Ne5+ Ke7 43. gxf5 exf5 44. f4 Bh4 45. Ng6+ Kd6 46. Nxh4 Kd5 1-0

[Event "Arab-ch Elite"]
[Site "Dubai"]
[Date "2011.10.02"]
[Round "9"]
[White "Yaaqoub, Rashid"]
[Black "Al Modiahki, Mohamad"]
[Result "0-1"]
[WhiteElo "2102"]
[BlackElo "2564"]
[PlyCount "123"]
[EventDate "2011.09.25"]
[EventType "swiss"]
[EventRounds "9"]
[EventCountry "UAE"]
[SourceTitle "CBM 144 Extra"]
[Source "ChessBase"]
[SourceDate "2011.10.28"]
[SourceVersion "1"]
[SourceVersionDate "2011.10.28"]
[SourceQuality "1"]

1. e4 c5 2. Nf3 Nc6 3. Bb5 g6 4. 0-0 Bg7 5. c3 Nf6 6. e5 Nd5 7. d4 cxd4 8. cxd4 0-0 9. Nc3 Nc7 10. Bc4 d5 11. Be2 Bg4 12. h3 Bxf3 13. Bxf3 f6 14. exf6 Rxf6 15. Be3 Qd6 16. Rc1 Raf8 17. Be2 R6f7 18. Nb5 Nxb5 19. Bxb5 Nd8 20. Qa4 a6 21. Be8 Rf6 22. Qd7 Nc6 23. Qxd6 Rxd6 24. Bxc6 Rxc6 25. Rxc6 bxc6 26. Rc1 Rc8 27. f4 Kf7 28. Rc5 Ke6 29. g4 Kd7 30. Ra5 Ra8 31. Kf2 e6 32. Rc5 Rb8 33. Rc2 c5 34. dxc5 Rxb2 35. Rxb2 Bxb2 36. Ke2 Kc6 37. Kd3 Ba3 38. Bd2 Bxc5 39. Bc1 Be7 40. Bb2 Bh4 41. Bc1 Bf2 42. Bb2 Kb5 43. Bc3 Kc5 44. Bb2 d4 45. Bc1 Kd5 46. g5 e5 47. fxe5 Kxe5 48. Ke2 Be3 49. Bxe3 dxe3 50. Kxe3 Kf5 51. Kf3 Kxg5 52. a4 Kf5 53. Ke3 g5 54. a5 Ke5 55. Kf3 h5 56. Ke3 Kd5 57. Kd3 Kc5 58. Ke4 Kb5 59. Kf5 Kxa5 60. Kxg5 Kb4 61. Kxh5 a5 62. Kg4 0-1

[Event "Arab-ch Elite"]
[Site "Dubai"]
[Date "2011.09.30"]
[Round "7"]
[White "Adly, Ahmed"]
[Black "Yaaqoub, Rashid"]
[Result "1-0"]
[WhiteElo "2605"]
[BlackElo "2102"]
[PlyCount "97"]
[EventDate "2011.09.25"]
[EventType "swiss"]
[EventRounds "9"]
[EventCountry "UAE"]
[SourceTitle "CBM 144 Extra"]
[Source "ChessBase"]
[SourceDate "2011.10.28"]
[SourceVersion "1"]
[SourceVersionDate "2011.10.28"]
[SourceQuality "1"]

1. d4 Nf6 2. Nf3 d5 3. g3 e6 4. Bg2 Be7 5. 0-0 0-0 6. c4 Nbd7 7. Qc2 c6 8. Bf4 Ne4 9. Ne1 f5 10. f3 Nd6 11. Nd2 Nxc4 12. Nxc4 dxc4 13. Qxc4 Nb6 14. Qd3 c5 15. Be5 Nd7 16. f4 Nxe5 17. dxe5 Qb6 18. Qc2 Bd7 19. Rd1 Rad8 20. Nf3 Bc6 21. Nd2 Bxg2 22. Kxg2 Qc6+ 23. Nf3 b5 24. b3 h6 25. h3 Rxd1 26. Rxd1 Rd8 27. Rxd8+ Bxd8 28. g4 g6 29. Kg3 Qd5 30. Qd3 Qxd3 31. exd3 Ba5 32. a4 a6 33. Kf2 fxg4 34. hxg4 Kf7 35. Ke3 Bd8 36. Nd2 h5 37. Kf3 Be7 38. Ne4 hxg4+ 39. Kxg4 Ke8 40. Nc3 bxa4 41. bxa4 Kd7 42. Ne4 Kc6 43. Nf6 Kb6 44. Kg5 Ka5 45. Kxg6 Kxa4 46. Kf7 c4 47. dxc4 Bb4 48. Nd7 Bd2 49. f5 1-0